| 000 | 01212cam a22003257a 4500 | ||
|---|---|---|---|
| 003 | CHAP | ||
| 005 | 20220329142436.0 | ||
| 008 | 010214d2000 mx rr 00110 spa d | ||
| 010 | _a83522 | ||
| 011 | _a84494 | ||
| 020 | _a9688174726 | ||
| 035 | _a95014 | ||
| 040 | _cCHAP | ||
| 082 | 0 | 4 |
_a574.5025 _bD55 2000 |
| 245 | 1 | 0 |
_aDirectorio de organismos vinculados con el medio ambiente y el manejo de recursos naturales _c/por Secretaría de Medio ambiente, Recursos Naturales y Pesca |
| 250 | _a2 ed. | ||
| 260 |
_aMéxico, D.F. : _bSecretaría de Medio ambiente, Recursos Naturales y Pesca, _c2000. |
||
| 300 | _a147 p. | ||
| 590 |
_aBATCH-UPD _b10 _c20130110 _lUCH01 _h0350 |
||
| 590 |
_aBATCH-UPD _b10 _c20130410 _lUCH01 _h0023 |
||
| 590 |
_aBATCH-UPD _b10 _c20130914 _lUCH01 _h1808 |
||
| 590 |
_aCONVERSION _b10 _c20130109 _lUCH01 _h1346 |
||
| 650 | 1 | 4 |
_aMedio ambiente _xProtección _xDirectorios. _974108 |
| 650 | 1 | 4 |
_aRecursos naturales _xConservación _xDirectorios. _995233 |
| 710 | 0 |
_aMéxico. Secretaría de Medio Ambiente, Recursos Naturales y Pesca. _977201 |
|
| 901 | _aBK | ||
| 905 | _aLilia Sánchez G. | ||
| 942 | _cLIBRO | ||
| 949 |
_a574.5025 D55 2000 _bBC _cC _d33724000815601 _eC _h99729 _i95014 _sex |
||
| 999 |
_c83522 _d83522 |
||